000 00949nam0a2200277 4500
001 RU\NLR\ONL1\1925
005 20250613113611.0
035 _a(NLR Aleph) 009630680
090 _a9491431
_c9491431
100 _a20030920d1935 |||y0rusy50 ca
101 0 _achm
102 _aRU
105 _aa |||||||||
200 1 _aВольык дэч айдэмэ дэк куснылшо чэр-влак
_fН. В. Бэрчанко, Л. Ю. Йавнэль
_gПер.Зайцев Ф. И.
210 _aМ.
_aЛ.
_cБиомэдгиз
_d1935
215 _a84,[2] с.
_cил.
_d17
541 1 _aБолезни, которые передаются от животных человеку
_zrus
686 1 _aР190
700 1 _aБерченко
_bН. В.
_4070
701 1 _aЯвнель
_bЛ. Ю.
_4070
801 0 _aRU
_bNLR
_c20030920
_gPSBO
852 _aNLR
_bОНЛ
_jМар.л./2-644
942 _cBOOK
980 _aNB